Datum a čas kvízu
24
Celkem bodů
Celkový počet nahraných bodů na tomto kvízu bez doplňovacích otázek.
5.
Pořadí na kvízu
Konečné umístění týmu na tomto kvízu.
Zaznamenané odpovědi
| # | Otázka | Odpověď | Body | Výsledky |
|---|---|---|---|---|
| 1. | Jistá velká česká společnost o... | 1 | ||
| 2. | Český europoslanec, zvolený za... | 0 | ||
| 3. | Nejstreamovanější kapela roku... | 1 | ||
| 4. | Na grafu vidíme propad hodnoty... | 0.5 | ||
| 5. | Londýnský fotbalový klub Fulha... | 1 | ||
| 5. | Jak zní křestní jméno italskéh... | 0 | ||
| 5. | Herečku Hanu Vagnerovou můžeme... | 1 | ||
| 8. | Dvojnásobná olympijská vítězka... | 1 | ||
| 5. | Který produkt propaguje již de... | 1 | ||
| 10. | Přiřaďte jména známých osobnos... | 1 |